[Event "West Wales Minor"]
[Site "Pontlliw"]
[Date "2025.11.15"]
[Round "3.5"]
[White "Hill, Glyn"]
[Black "Peters, Chris"]
[Result "0-1"]
[WhiteElo "1427"]
[BlackElo "1657"]
[WhiteFideId "-1"]
[BlackFideId "-1"]
[PlyCount "100"]
[GameId "2259699916075256"]
[EventDate "2025.11.14"]
[EventType "swiss"]
[EventRounds "5"]
[EventCountry "WLS"]

1. d4 Nf6 2. Bf4 e6 3. Nc3 Bb4 4. Qd3 Nd5 5. Bd2 Nxc3 6. Bxc3 a5 7. a3 Bxc3+ 8. Qxc3 O-O 9. Nf3 b6 10. h4 d6 11. Rh3 Nd7 12. O-O-O Nf6 13. Rg3 Ne4 14. Qc6 Nxg3 15. Qxa8 Nxf1 16. Rxf1 Qe7 17. Qe4 f5 18. Qf4 Bb7 19. Rg1 c5 20. g4 fxg4 21. Qxg4 Bxf3 22. exf3 Qf6 23. c3 cxd4 24. Qxd4 Qxd4 25. cxd4 Rxf3 26. h5 Rxf2 27. h6 g6 28. Rg5 Rf5 29. Rg3 Rf1+ 30. Kc2 Rf2+ 31. Kb3 Kf7 32. Rc3 g5 33. Rc6 Rf6 34. Rxb6 Rxh6 35. Rxd6 g4 36. Rc6 g3 37. Rc1 g2 38. Rg1 Rg6 39. Kc3 h5 40. b4 h4 41. bxa5 h3 42. a6 e5 43. dxe5 Rxa6 44. Kd4 Ke6 45. Ke4 h2 46. Rxg2 h1=Q 47. Kf3 Rxa3+ 48. Kf4 Ra4+ 49. Kg3 Qxg2+ 50. Kxg2 Ra3 0-1

[Event "West Wales Minor"]
[Site "Pontlliw"]
[Date "2025.11.15"]
[Round "3.6"]
[White "Mason, Jack"]
[Black "Bevan, Paul G"]
[Result "1-0"]
[WhiteElo "1395"]
[BlackElo "1469"]
[WhiteFideId "-1"]
[PlyCount "43"]
[GameId "2259700918616321"]
[EventDate "2025.11.14"]
[EventType "swiss"]
[EventRounds "5"]
[EventCountry "WLS"]

1. e4 e6 2. d4 d5 3. e5 c5 4. c3 Qb6 5. Nf3 Nc6 6. Bd3 cxd4 7. O-O dxc3 8. bxc3 Bc5 9. Na3 d4 10. Rb1 Qa5 11. cxd4 Bxa3 12. Rb5 Qa6 13. Rb3 Qa5 14. Rxa3 Qb6 15. Re1 Nxd4 16. Nxd4 Bd7 17. Nf3 Ne7 18. Rb3 Qc7 19. Ba3 Nd5 20. Qd2 Rc8 21. Bd6 Qc6 22. Nd4 1-0

[Event "West Wales Minor"]
[Site "Pontlliw"]
[Date "2025.11.15"]
[Round "3.8"]
[White "Are, Jai Hrithvik Adithya	"]
[Black "Bradley, Robert"]
[Result "1-0"]
[WhiteElo "1465"]
[BlackElo "1310"]
[WhiteFideId "-1"]
[BlackFideId "-1"]
[PlyCount "53"]
[GameId "2259702703411476"]
[EventDate "2025.11.14"]
[EventType "swiss"]
[EventRounds "5"]
[EventCountry "WLS"]

1. d4 d5 2. c4 e6 3. Nf3 Nc6 4. g3 Nf6 5. Bg2 Ne4 6. b3 h6 7. Bb2 g5 8. Nbd2 Bb4 9. a3 Bxd2+ 10. Nxd2 f5 11. Nxe4 fxe4 12. Qd2 Qe7 13. O-O-O b6 14. f3 Na5 15. Qc2 exf3 16. Bxf3 Rf8 17. cxd5 exd5 18. Bxd5 c6 19. Bxc6+ Nxc6 20. Qxc6+ Qd7 21. Qxa8 Qc7+ 22. Kb1 Kf7 23. Rhf1+ Kg8 24. Rxf8+ Kxf8 25. Rc1 Qd7 26. Qxc8+ Qxc8 27. Rxc8+ 1-0

[Event "West Wales Minor"]
[Site "Pontlliw"]
[Date "2025.11.15"]
[Round "3.9"]
[White "Josh-Wright, Jakob"]
[Black "Deng, Felix"]
[Result "0-1"]
[WhiteElo "1391"]
[BlackElo "1310"]
[WhiteFideId "-1"]
[BlackFideId "-1"]
[PlyCount "46"]
[GameId "2259703711842590"]
[EventDate "2025.11.14"]
[EventType "swiss"]
[EventRounds "5"]
[EventCountry "WLS"]

1. d4 d5 2. Bf4 Bf5 3. Nf3 Nc6 4. e3 e6 5. Bb5 Bb4+ 6. c3 Bd6 7. Ne5 Qe7 8. Nxc6 Qd7 9. a4 bxc6 10. Ba6 Ne7 11. a5 O-O 12. O-O Bxf4 13. exf4 Qd6 14. g3 Bh3 15. Re1 c5 16. Qh5 Qxa6 17. Qxh3 cxd4 18. cxd4 Qb5 19. Re2 Qxe2 20. Nc3 Qxb2 21. Re1 Qxc3 22. Re3 Qxd4 23. Qh4 Nf5 0-1

[Event "West Wales Minor"]
[Site "Pontlliw"]
[Date "2025.11.15"]
[Round "3.10"]
[White "Liu, Yimo"]
[Black "Deng, Clara"]
[Result "1-0"]
[WhiteElo "1329"]
[BlackElo "1366"]
[WhiteFideId "-1"]
[BlackFideId "-1"]
[PlyCount "131"]
[GameId "2259704787898663"]
[EventDate "2025.11.14"]
[EventType "swiss"]
[EventRounds "5"]
[EventCountry "WLS"]

1. d4 Nf6 2. Nf3 e6 3. Bf4 b6 4. e3 Bb7 5. Be2 Be7 6. c4 O-O 7. O-O d5 8. cxd5 Nxd5 9. Bg3 Nd7 10. Nc3 N7f6 11. Rc1 Bb4 12. a3 Bd6 13. Bh4 Be7 14. Nb5 a6 15. Nc3 Qd6 16. Bg3 Qd7 17. Ne5 Qc8 18. Bf3 c5 19. Qd3 b5 20. dxc5 Bxc5 21. e4 Nb6 22. b4 Rd8 23. Qb1 Bd6 24. Nxb5 Qb8 25. Nxd6 Rxd6 26. Ng4 Nxg4 27. Bxd6 Qxd6 28. Bxg4 Nd7 29. Rfe1 Qf4 30. f3 Ne5 31. Bh3 Rd8 32. Rc3 Qd2 33. Qc1 Qd4+ 34. Kf1 Nd3 35. Rxd3 Qxd3+ 36. Kf2 Rc8 37. Rd1 Rxc1 38. Rxd3 Rc2+ 39. Ke3 h6 40. f4 Rc4 41. Rd4 Rc3+ 42. Rd3 Rxd3+ 43. Kxd3 Kf8 44. e5 Ke7 45. Kc4 Kd7 46. Kc5 Kc7 47. a4 g5 48. g3 Bd5 49. b5 axb5 50. axb5 gxf4 51. gxf4 h5 52. f5 h4 53. fxe6 fxe6 54. Bf1 Bb7 55. b6+ Kd7 56. Bb5+ Ke7 57. Bc6 Ba6 58. b7 Bxb7 59. Bxb7 Kd7 60. Bc6+ Ke7 61. Kd4 Kf7 62. Ke3 Kg6 63. Kf4 h3 64. Be4+ Kh5 65. Bf5 exf5 66. Kxf5 1-0

[Event "West Wales Minor"]
[Site "Pontlliw"]
[Date "2025.11.15"]
[Round "3.11"]
[White "Nagari, Virat"]
[Black "Ward, John"]
[Result "0-1"]
[Annotator "Home"]
[WhiteElo "1313"]
[BlackElo "1385"]
[WhiteFideId "-1"]
[BlackFideId "-1"]
[PlyCount "68"]
[GameId "2259706597118257"]
[EventDate "2025.11.14"]
[EventType "swiss"]
[EventRounds "5"]
[EventCountry "WLS"]

{[%evp 0,68,16,13,16,16,18,6,27,18,8,15,9,14,23,0,52,22,14,-211,77,-260,-295,-305,-236,-348,-350,-772,-821,-887,-908,-996,-1006,-949,-954,-1013,-884,-950,-944,-986,-1014,-965,-1007,-1136,-1027,-1090,-1133,-1229,-1212,-1264,-1253,-1262,-1345,-1821,-1679,-1837,-1878,-3218,-3509,-29991,-3007,-29989,-29990,-29991,-29992,-29993,-29994,-29993,-29998,-29999,-29999]} 1. e4 e5 2. Nf3 Nc6 3. Bc4 Bc5 4. Nc3 Nf6 5. d3 O-O 6. Bg5 Be7 7. O-O Ne8 8. Qd2 Nd4 9. Nxd4 exd4 10. Nd5 Bxg5 11. f4 Be7 12. c3 Bc5 13. b4 dxc3+ 14. bxc5 cxd2 15. Rad1 c6 16. Ne3 Qa5 17. Rf2 d6 18. cxd6 Nxd6 19. e5 Nxc4 20. Nxc4 Qxa2 21. Rdxd2 Qa4 22. Rf1 b5 23. Nb2 Qd4+ 24. Kh1 c5 25. Rf3 c4 26. Rg3 c3 27. Rd1 cxb2 28. Rg4 Bxg4 29. Rb1 Qxd3 30. h3 Qxb1+ 31. Kh2 Bf5 32. g4 Be4 33. Kg3 Qe1+ 34. Kh2 Qf2# 0-1

[Event "West Wales Minor"]
[Site "Pontlliw"]
[Date "2025.11.16"]
[Round "4.1"]
[White "Foster, David S"]
[Black "Hayes, Ian"]
[Result "0-1"]
[WhiteElo "1546"]
[BlackElo "1665"]
[WhiteFideId "-1"]
[BlackFideId "-1"]
[PlyCount "66"]
[GameId "2259708171080610"]
[EventDate "2025.11.14"]
[EventType "swiss"]
[EventRounds "5"]
[EventCountry "WLS"]

1. e4 d6 2. d4 Nf6 3. Nc3 g6 4. Be3 c6 5. Nf3 Nbd7 6. Bd3 Bg7 7. h3 Qc7 8. Qd2 b5 9. d5 b4 10. dxc6 bxc3 11. Qxc3 Ne5 12. Nxe5 dxe5 13. b4 a6 14. O-O O-O 15. a4 Be6 16. b5 Rfc8 17. b6 Qxc6 18. Qxc6 Rxc6 19. b7 Rb8 20. Rab1 Bc8 21. Rfc1 Rxb7 22. Rxb7 Bxb7 23. c4 Rd6 24. Bb1 Bxe4 25. c5 Rc6 26. f3 Bd5 27. Bd3 e4 28. fxe4 Nxe4 29. Bb5 axb5 30. axb5 Rxc5 31. Bxc5 Nxc5 32. Kh2 Bd4 33. Rd1 e5 0-1

[Event "West Wales Minor"]
[Site "Pontlliw"]
[Date "2025.11.16"]
[Round "4.2"]
[White "Hurn, Robert Aj"]
[Black "Belochkin, David"]
[Result "1-0"]
[WhiteElo "1674"]
[BlackElo "1546"]
[BlackFideId "-1"]
[PlyCount "41"]
[GameId "2259709211591597"]
[EventDate "2025.11.14"]
[EventType "swiss"]
[EventRounds "5"]
[EventCountry "WLS"]

1. d4 d5 2. c4 Bf5 3. cxd5 Qxd5 4. Nc3 Qc6 5. e3 a6 6. Bd2 Nf6 7. Nf3 h6 8. Ne5 Qd6 9. Qf3 e6 10. Qxb7 Be7 11. Qxa8 O-O 12. Qf3 c5 13. Nc4 Qc7 14. Qg3 Qb7 15. b3 Nc6 16. dxc5 Bxc5 17. Be2 Rd8 18. O-O Bb4 19. Rac1 Bxc3 20. Bxc3 Ne4 21. Qxg7# 1-0

[Event "West Wales Minor"]
[Site "Pontlliw"]
[Date "2025.11.16"]
[Round "4.3"]
[White "Peters, Chris"]
[Black "Mason, Jack"]
[Result "1-0"]
[WhiteElo "1657"]
[BlackElo "1395"]
[WhiteFideId "-1"]
[BlackFideId "-1"]
[PlyCount "37"]
[GameId "2259710156633069"]
[EventDate "2025.11.14"]
[EventType "swiss"]
[EventRounds "5"]
[EventCountry "WLS"]

1. e4 c5 2. Nc3 Nc6 3. Nf3 g6 4. Bc4 e6 5. O-O Bg7 6. d3 Nge7 7. Re1 O-O 8. Bg5 Qb6 9. Bb3 d6 10. h4 f5 11. e5 dxe5 12. Bxe7 Nxe7 13. Nxe5 Nc6 14. Nxc6 Qxc6 15. Qe2 Re8 16. Ba4 Qb6 17. Bxe8 Qxb2 18. Nb5 Kf8 19. Nc7 1-0

[Event "West Wales Minor"]
[Site "Pontlliw"]
[Date "2025.11.16"]
[Round "4.6"]
[White "Deng, Felix"]
[Black "Are, Jai Hrithvik Adithya	"]
[Result "0-1"]
[WhiteElo "1310"]
[BlackElo "1465"]
[WhiteFideId "-1"]
[BlackFideId "-1"]
[PlyCount "78"]
[GameId "2260032355565625"]
[EventDate "2025.11.14"]
[EventType "swiss"]
[EventRounds "5"]
[EventCountry "WLS"]

1. d4 e6 2. Bf4 d5 3. Nf3 Nf6 4. h3 Bd6 5. Bxd6 Qxd6 6. e3 Nbd7 7. Bd3 O-O 8. O-O c5 9. c3 b6 10. Nbd2 Bb7 11. dxc5 Nxc5 12. Bc2 Rac8 13. e4 dxe4 14. Nxe4 Ncxe4 15. Bxe4 Nxe4 16. Qxd6 Nxd6 17. Rad1 Nf5 18. Rd7 Bxf3 19. gxf3 Nh4 20. Rd3 Rfd8 21. Re3 Rd2 22. f4 Rxb2 23. a3 Rb3 24. Rc1 Rxa3 25. Rd3 h6 26. Rd7 Rcxc3 27. Rxc3 Rxc3 28. Rxa7 b5 29. Ra8+ Kh7 30. Rb8 Rb3 31. Kh2 b4 32. Kg1 Rb1+ 33. Kh2 b3 34. Kg3 Nf5+ 35. Kf3 b2 36. Rb7 Nd4+ 37. Kg4 Rg1+ 38. Kh4 Nf3+ 39. Kh5 g6# 0-1

[Event "West Wales Minor"]
[Site "Pontlliw"]
[Date "2025.11.16"]
[Round "4.7"]
[White "Liu, Yimo"]
[Black "Hill, Glyn"]
[Result "1/2-1/2"]
[Annotator "Home"]
[WhiteElo "1329"]
[BlackElo "1427"]
[WhiteFideId "-1"]
[BlackFideId "-1"]
[PlyCount "106"]
[GameId "2260033540505688"]
[EventDate "2025.11.14"]
[EventType "swiss"]
[EventRounds "5"]
[EventCountry "WLS"]

{[%evp 0,106,12,38,19,23,19,2,50,19,68,39,126,61,18,3,86,-36,92,-126,10,-116,-102,-157,-188,-191,263,216,189,220,280,231,456,247,469,496,620,531,900,617,909,621,778,634,912,637,670,650,587,691,697,631,974,962,1172,963,1048,979,29456,704,1502,29992,29993,995,975,422,29991,29992,29993,1161,1254,556,525,519,450,314,515,332,441,316,311,213,158,147,322,342,381,282,427,305,354,419,328,440,321,334,256,90,622,835,928,408,347,353,1032,480,482,469,878]} 1. d4 d5 2. Nf3 c5 3. c3 c4 4. b3 b5 5. Bf4 e6 6. Nbd2 b4 7. Rc1 Qa5 8. Nb1 Qxa2 9. e3 Qxb3 10. Qxb3 cxb3 11. cxb4 Bxb4+ 12. Nbd2 b2 13. Rxc8+ Kd7 14. Rc7+ Kd8 15. Bd3 Na6 16. Rxf7 Rc8 17. O-O Rc1 18. Bxa6 Nh6 19. Rxg7 Nf5 20. Bg5+ Ke8 21. Rxa7 Rg8 22. Bb5+ Kf8 23. Bf6 Rg6 24. Ra8+ Kf7 25. Be5 Rxg2+ 26. Kxg2 Nh4+ 27. Kg3 Nxf3 28. Nxf3 b1=Q 29. Ra7+ Kg6 30. Be8+ Kf5 31. e4+ Kxe4 32. Ng5+ Kf5 33. Rf7+ Kxg5 34. Bf4+ Kg6 35. Re7+ Kf5 36. Rf7+ Ke4 37. f3+ Kxd4 38. Bxc1 Qg6+ 39. Kf2 Qc2+ 40. Kg3 Bd6+ 41. Bf4 Bxf4+ 42. Rxf4+ Kc5 43. Ba4 Qg6+ 44. Rg4 Qf7 45. Rc1+ Kd6 46. Rc6+ Ke5 47. f4+ Kf6 48. Rg5 h6 49. Re5 Qg6+ 50. Kf3 Qd3+ 51. Kg4 Qg6+ 52. Kf3 Qd3+ 53. Kg4 Qg6+ 1/2-1/2

[Event "West Wales Minor"]
[Site "Pontlliw"]
[Date "2025.11.16"]
[Round "4.8"]
[White "Ward, John"]
[Black "Thomas, T Paul"]
[Result "1-0"]
[WhiteElo "1385"]
[BlackElo "1451"]
[WhiteFideId "-1"]
[BlackFideId "-1"]
[PlyCount "27"]
[GameId "2260035122339954"]
[EventDate "2025.11.14"]
[EventType "swiss"]
[EventRounds "5"]
[EventCountry "WLS"]

1. e4 d6 2. d4 Nf6 3. Nc3 c6 4. Nf3 Qa5 5. Bd2 Bg4 6. Nd5 Qd8 7. Nxf6+ exf6 8. Be2 Qe7 9. O-O Qxe4 10. Ng5 fxg5 11. Bxg4 Qxd4 12. Re1+ Be7 13. Qe2 Qf6 14. Bc3 1-0

[Event "West Wales Minor"]
[Site "Pontlliw"]
[Date "2025.11.16"]
[Round "4.9"]
[White "Bradley, Robert"]
[Black "Burton, Andrew"]
[Result "1-0"]
[WhiteElo "1310"]
[BlackElo "1310"]
[WhiteFideId "-1"]
[BlackFideId "-1"]
[PlyCount "133"]
[GameId "2260035685113979"]
[EventDate "2025.11.14"]
[EventType "swiss"]
[EventRounds "5"]
[EventCountry "WLS"]

1. d4 f5 2. Nf3 Nf6 3. e3 e6 4. b3 Be7 5. Nc3 O-O 6. Bb2 d6 7. Qd3 a5 8. Be2 Qe8 9. h3 b6 10. d5 Ba6 11. Qd2 Bxe2 12. Nxe2 Nxd5 13. Nc3 Nxc3 14. Bxc3 Qg6 15. Rg1 Bf6 16. g4 f4 17. Nd4 Be5 18. O-O-O Nd7 19. h4 c5 20. Nc6 Bxc3 21. Qxc3 Qf6 22. Qxf6 Nxf6 23. Rxd6 Ne4 24. Rxe6 Nxf2 25. exf4 Rxf4 26. Ne5 Re4 27. h5 a4 28. Rf1 Nxg4 29. Rf5 Re1+ 30. Kb2 a3+ 31. Kc3 Re3+ 32. Kc4 Nxe5+ 33. Rfxe5 Rxe5 34. Rxe5 Kf7 35. Kb5 Re8 36. Rxe8 Kxe8 37. Kxb6 g5 38. hxg6 hxg6 39. Kxc5 Kf7 40. Kd4 Kf6 41. b4 g5 42. Ke3 Ke6 43. Ke4 Kd6 44. c4 Kc6 45. Kf5 Kb6 46. Kxg5 Kc6 47. Kf4 Kb6 48. Ke3 Kc6 49. Kd3 Kb6 50. Kc3 Kc6 51. Kb3 Kb6 52. Kxa3 Kc6 53. Ka4 Kb6 54. a3 Ka6 55. b5+ Kb6 56. Kb4 Kb7 57. Kc5 Kc7 58. a4 Kb7 59. a5 Ka7 60. Kc6 Kb8 61. Kd7 Kb7 62. c5 Kb8 63. c6 Ka8 64. c7 Ka7 65. Kd8 Ka8 66. c8=Q+ Ka7 67. b6# 1-0

[Event "West Wales Minor"]
[Site "Pontlliw"]
[Date "2025.11.16"]
[Round "4.10"]
[White "Deng, Clara"]
[Black "Josh-Wright, Jakob"]
[Result "1-0"]
[Annotator "Home"]
[WhiteElo "1366"]
[BlackElo "1391"]
[WhiteFideId "-1"]
[BlackFideId "-1"]
[PlyCount "47"]
[GameId "2260037696503940"]
[EventDate "2025.11.14"]
[EventType "swiss"]
[EventRounds "5"]
[EventCountry "WLS"]

{[%evp 0,47,12,15,-24,28,28,17,6,-6,18,-6,37,23,30,38,41,-37,108,113,237,54,211,211,187,101,292,309,405,415,563,673,699,478,480,396,613,632,830,864,908,782,1077,718,778,392,1659,1609,29999,29999]} 1. e4 e5 2. Nf3 Nf6 3. d4 Nxe4 4. Bd3 d5 5. Nxe5 Bd6 6. O-O c5 7. Bxe4 dxe4 8. Nc4 Bc7 9. dxc5 Qh4 10. h3 Bxh3 11. Nd6+ Bxd6 12. cxd6 e3 13. gxh3 exf2+ 14. Rxf2 Qg3+ 15. Rg2 Qxh3 16. Qe2+ Qe6 17. Qb5+ Nc6 18. Re2 Qxe2 19. Qxe2+ Kd7 20. Bf4 Rhe8 21. Qg4+ Re6 22. Qxg7 Re2 23. Qxf7+ Kc8 24. Qc7# 1-0

[Event "West Wales Minor"]
[Site "Pontlliw"]
[Date "2025.11.16"]
[Round "5.1"]
[White "Hayes, Ian"]
[Black "Peters, Chris"]
[Result "1/2-1/2"]
[WhiteElo "1665"]
[BlackElo "1657"]
[WhiteFideId "-1"]
[BlackFideId "-1"]
[PlyCount "37"]
[GameId "2260038569545888"]
[EventDate "2025.11.14"]
[EventType "swiss"]
[EventRounds "5"]
[EventCountry "WLS"]

1. d4 Nf6 2. c4 e5 3. dxe5 Ng4 4. e4 Nxe5 5. Nc3 Bb4 6. f4 Bxc3+ 7. bxc3 Ng6 8. Nf3 d6 9. Bd3 O-O 10. O-O Nd7 11. Be3 Re8 12. Qc2 Nf6 13. Rae1 Ng4 14. Bc1 Bd7 15. h3 Nf6 16. e5 dxe5 17. fxe5 Ba4 18. Qxa4 Qxd3 19. exf6 1/2-1/2

[Event "West Wales Minor"]
[Site "Pontlliw"]
[Date "2025.11.16"]
[Round "5.3"]
[White "Sarwar, Adam"]
[Black "Foster, David S"]
[Result "0-1"]
[WhiteElo "1650"]
[BlackElo "1546"]
[WhiteFideId "-1"]
[BlackFideId "-1"]
[PlyCount "58"]
[GameId "2260040721031397"]
[EventDate "2025.11.14"]
[EventType "swiss"]
[EventRounds "5"]
[EventCountry "WLS"]

1. e4 c6 2. d4 d5 3. e5 c5 4. c3 Nc6 5. Nf3 cxd4 6. cxd4 Bg4 7. Be2 e6 8. Be3 Nge7 9. Nc3 Nf5 10. O-O Be7 11. a3 O-O 12. h3 Bxf3 13. Bxf3 Rc8 14. Rc1 Bg5 15. Qd2 Bxe3 16. fxe3 Qg5 17. Rce1 Ncxd4 18. Qf2 Nxf3+ 19. Qxf3 Nh4 20. Qe2 Qxe5 21. Qg4 Ng6 22. Rf3 a6 23. Qb4 b5 24. Qa5 Qd6 25. Rd1 Ne5 26. Rf4 Nc4 27. Qb4 Qxb4 28. axb4 Nxb2 29. Rc1 Nd3 0-1

[Event "West Wales Minor"]
[Site "Pontlliw"]
[Date "2025.11.16"]
[Round "5.5"]
[White "Are, Jai Hrithvik Adithya	"]
[Black "Ward, John"]
[Result "1-0"]
[WhiteElo "1465"]
[BlackElo "1385"]
[WhiteFideId "-1"]
[BlackFideId "-1"]
[PlyCount "57"]
[GameId "2260044036436225"]
[EventDate "2025.11.14"]
[EventType "swiss"]
[EventRounds "5"]
[EventCountry "WLS"]

1. d4 d5 2. c4 dxc4 3. Qa4+ Bd7 4. Qxc4 Nc6 5. Nf3 Nf6 6. g3 e6 7. Bg2 Ne4 8. Nbd2 Bd6 9. Nxe4 Na5 10. Nxd6+ cxd6 11. Qd3 O-O 12. Bf4 d5 13. O-O Nc6 14. Ne5 Nb4 15. Qb3 Qe7 16. Nxd7 Qxd7 17. Qxb4 a5 18. Qd6 Qb5 19. b3 Qxe2 20. Qe5 Qb5 21. Rac1 Qd7 22. Rc7 Qb5 23. Bh3 Qb6 24. Rfc1 Rfe8 25. Qh5 g6 26. Qh6 Qxd4 27. Rxf7 Kxf7 28. Rc7+ Kg8 29. Qxh7+ 1-0

[Event "West Wales Minor"]
[Site "Pontlliw"]
[Date "2025.11.16"]
[Round "5.6"]
[White "Powell, Andrew"]
[Black "Liu, Yimo"]
[Result "1-0"]
[Annotator "Home"]
[WhiteElo "1633"]
[BlackElo "1329"]
[WhiteFideId "-1"]
[BlackFideId "-1"]
[PlyCount "141"]
[GameId "2260045411393802"]
[EventDate "2025.11.14"]
[EventType "swiss"]
[EventRounds "5"]
[EventCountry "WLS"]

1. d4 d5 2. Bf4 Nc6 3. e3 Bf5 4. c3 Nf6 5. Nf3 e6 6. Bd3 Bxd3 7. Qxd3 Be7 8. Nbd2 Qd7 9. h3 h6 10. Ne5 Nxe5 11. Bxe5 Qc6 12. O-O O-O-O 13. b4 a6 14. a4 Rhg8 15. b5 axb5 16. axb5 Qb6 17. Rfc1 Nd7 18. Bh2 f6 19. c4 e5 20. c5 Qe6 21. Ra8+ Nb8 22. c6 Bd6 23. Nb3 bxc6 24. bxc6 Rde8 25. Qa6+ (25. Rxb8+ Kxb8 26. Qa6 Qc8 27. Qb5+ Ka7 28. Ra1+ Ba3 29. Rxa3+ Qa6 30. Qb7#) 25... Kd8 26. Rxb8+ Ke7 27. Rxe8+ Rxe8 28. Nc5 Qc8 29. Qxc8 Rxc8 30. Nb7 Ba3 31. Ra1 Bd6 32. Nxd6 Kxd6 33. dxe5+ fxe5 34. Ra6 Rb8 35. Kf1 Ke6 36. g4 Rc8 37. Ke2 Kf6 38. Ra7 g6 39. f4 exf4 40. Bxf4 g5 41. Bg3 Re8 42. Kd3 Kg6 43. Rxc7 h5 44. Kd4 hxg4 45. hxg4 Re4+ 46. Kd3 Rxg4 47. Bf2 Ra4 48. Rd7 Ra1 49. c7 Rc1 50. Bg3 Kf5 51. Rxd5+ Kg4 52. Be5 Kf3 53. Kd2 Rc6 54. Rd8 g4 55. c8=Q Rxc8 56. Rxc8 Ke4 57. Bb8 Kf3 58. Rg8 Ke4 59. Rxg4+ Kf3 60. Rf4+ Kg3 61. Ke2 Kg2 62. Rg4+ Kh3 63. Rg8 Kh4 64. Kf3 Kh5 65. Kf4 Kh6 66. Kf5 Kh7 67. Rg1 Kh8 68. Kf6 Kh7 69. Rg2 Kh8 70. Kf7 Kh7 71. Rh2# 1-0

[Event "West Wales Minor"]
[Site "Pontlliw"]
[Date "2025.11.16"]
[Round "5.7"]
[White "Mason, Jack"]
[Black "Bradley, Robert"]
[Result "1/2-1/2"]
[WhiteElo "1395"]
[BlackElo "1310"]
[WhiteFideId "-1"]
[BlackFideId "-1"]
[PlyCount "60"]
[GameId "2260047712682342"]
[EventDate "2025.11.14"]
[EventType "swiss"]
[EventRounds "5"]
[EventCountry "WLS"]

1. e4 e5 2. Nc3 Nc6 3. Nf3 g6 4. Bc4 Bc5 5. d3 f6 6. Bxg8 Rxg8 7. Nd5 Nb4 8. Nc3 d6 9. a3 Nc6 10. Nd5 Be6 11. b4 Bb6 12. Nxb6 axb6 13. O-O Nd4 14. Nxd4 exd4 15. Bb2 c5 16. bxc5 bxc5 17. c3 dxc3 18. Bxc3 h5 19. Qf3 Rf8 20. a4 Bg4 21. Qe3 g5 22. a5 Ra6 23. d4 cxd4 24. Bxd4 Rxa5 25. Bb6 Qc8 26. Bxa5 Qc4 27. Rac1 Qb5 28. Qb6 Qxb6 29. Bxb6 Rf7 30. Rc8+ Bxc8 1/2-1/2

[Event "West Wales Minor"]
[Site "Pontlliw"]
[Date "2025.11.16"]
[Round "5.8"]
[White "Fitzpatrick, Riley"]
[Black "Deng, Clara"]
[Result "0-1"]
[WhiteElo "1437"]
[BlackElo "1366"]
[WhiteFideId "-1"]
[BlackFideId "-1"]
[PlyCount "48"]
[GameId "2260048650166660"]
[EventDate "2025.11.14"]
[EventType "swiss"]
[EventRounds "5"]
[EventCountry "WLS"]

1. d4 Nf6 2. Nf3 e6 3. e3 b6 4. Be2 Bb7 5. O-O Be7 6. b3 O-O 7. Bb2 Ne4 8. c4 Nf6 9. Nc3 d5 10. cxd5 Nxd5 11. Nxd5 Bxd5 12. Qc2 Nd7 13. Rac1 Rc8 14. e4 Bb7 15. Rfd1 Bg5 16. Nxg5 Qxg5 17. d5 exd5 18. exd5 Bxd5 19. Rxd5 Qxd5 20. Rd1 Qe6 21. Bc4 Qg4 22. Rxd7 Qxd7 23. Qc3 Qd1+ 24. Bf1 f6 0-1

[Event "West Wales Minor"]
[Site "Pontlliw"]
[Date "2025.11.16"]
[Round "5.9"]
[White "Hill, Glyn"]
[Black "Deng, Felix"]
[Result "1-0"]
[WhiteElo "1427"]
[BlackElo "1310"]
[WhiteFideId "-1"]
[BlackFideId "-1"]
[PlyCount "29"]
[GameId "2260049483665805"]
[EventDate "2025.11.14"]
[EventType "swiss"]
[EventRounds "5"]
[EventCountry "WLS"]

1. d4 d5 2. Bf4 Nc6 3. Nc3 Bf5 4. a3 a6 5. Nf3 Nf6 6. e3 Ne4 7. Nxe4 dxe4 8. Ng5 Bg6 9. f3 exf3 10. Qxf3 e6 11. Bd3 f5 12. Nxe6 Qc8 13. Nxc7+ Kd8 14. Qd5+ Ke7 15. Bg5# 1-0

[Event "West Wales Minor"]
[Site "Pontlliw"]
[Date "2025.11.16"]
[Round "5.10"]
[White "Thomas, T Paul"]
[Black "Nagari, Virat"]
[Result "1-0"]
[WhiteElo "1451"]
[BlackElo "1313"]
[WhiteFideId "-1"]
[BlackFideId "-1"]
[PlyCount "63"]
[GameId "2260056419381704"]
[EventDate "2025.11.14"]
[EventType "swiss"]
[EventRounds "5"]
[EventCountry "WLS"]

1. d4 d5 2. e3 Bf5 3. h3 Nf6 4. g4 Bg6 5. h4 h5 6. g5 Ng4 7. f3 Bf5 8. fxg4 hxg4 9. Bg2 e6 10. Bd2 Bd6 11. Nc3 Bg3+ 12. Kf1 f6 13. Be1 Qd6 14. Nge2 Bh2 15. Nb5 Qb6 16. a4 c6 17. Rxh2 cxb5 18. c3 Nc6 19. axb5 Qxb5 20. Qa4 Qd3 21. Kf2 b5 22. Qa6 Nb8 23. Qb7 Qc2 24. Qxa8 Kf7 25. Rxa7+ Kg8 26. Qxb8+ Kh7 27. Qc7 Rg8 28. h5 fxg5 29. h6 g3+ 30. Kxg3 Qxe2 31. hxg7+ Kg6 32. Qf7# 1-0

[Event "West Wales Minor"]
[Site "Pontlliw"]
[Date "2025.11.16"]
[Round "5.11"]
[White "Josh-Wright, Jakob"]
[Black "Burton, Andrew"]
[Result "1-0"]
[WhiteElo "1391"]
[BlackElo "1310"]
[WhiteFideId "-1"]
[BlackFideId "-1"]
[PlyCount "35"]
[GameId "2260057970164178"]
[EventDate "2025.11.14"]
[EventType "swiss"]
[EventRounds "5"]
[EventCountry "WLS"]

1. d4 f5 2. Bf4 Nf6 3. Nf3 e6 4. e3 Be7 5. Bd3 O-O 6. c3 d6 7. Nbd2 Qe8 8. O-O Bd7 9. Re1 Bb5 10. Qc2 c5 11. Ng5 Qd7 12. Bxb5 Qxb5 13. Nxe6 Rc8 14. Qxf5 g6 15. Qg5 Qd7 16. d5 Ne4 17. Qh6 Nxd2 18. Qg7# 1-0